000 01300 a2200217 4500
001 45
005 20260407155405.0
008 260407a2007 arg spa d
003 AR-UNSa-BCEJYS
040 _aAR-UNSa-BCEJYS
_bspa
_cAR-UNSa-BCEJYS
080 _a351.72
_xFinanzas públicas. Legislación (Contabilidad Pública, Administración financiera...)
245 1 0 _aEstudio de la administración financiera pública
020 _a978-987-1246-52-6
264 1 _aBuenos Aires :
_bEdiciones Cooperativas
_c2007
300 _a373 p.
_c20 cm.
505 _a1. Ciencia y técnica de AF. Sistemas componentes de AF - 2. Estado, Gobierno, SP y Administración Pública. Hacienda pública. Gestión de la AF - 3. Sistemas de inversiones - 4. Organización del SP - 5. Sistema de presupuesto - 6. Presupuesto. Gestión del ejercicio fiscal. Resultados - 7. Reglas macrofiscales en el ciclo presupuestario - 8. Sistema de crédito público - 9. Sistema de tesorería - 10. Sistemas de contabilidad gubernamental SCG - 11. Sistemas de control.Régimen de responsabilidad
942 _cBK
590 _aniveau_biblio:m niveau_hierar:0
100 1 _aLe Pera, Alfredo
856 4 1 _uhttps://biblioeco.unsa.edu.ar/pmb/images/libros/Estudio de la Administracion Financiera Publica.jpg
_yImagen de portada
_qimage/jpeg
999 _c36
_d36